00684nam a2200217 a 450000100060000000300080000600500170001400800410003103500190007204000260009104100080011708200240012510000220014924500540017125000130022526000460023830000240028450400360030865000630034465000590040754214BD-RjUL20211209080104.0161103s1963 enk||||| b||| 001 0 eng d a(BD-RjUL)54336 aBD-RjULbengcBD-RjUL aeng 223a821.8bGOM 1963 a Gottfried, Leon  aMatthew Arnold and the Romantics.cLeon Gottfried a1st, ed. aLondon :bRoutledge & Kegan paul,cc1963. ax, 277 p. ;c21 cm. aIncludes bibliography and index a Arnold, Matthew xCriticism and interpretationy1822-1888 aEnglish poetry xHistory and criticism.y19th century